Alle 97 Städte Deutschlands mit N - Statistiken

Allgemein
  • Dieses Quiz wurde 69 mal gespielt
  • Das Durchschnittsergebnis liegt bei 33 aus 97
Antwortstatistiken
Landkreis Stadt % Korrekt
\ (kreisfrei) Nürnberg
94%
Rhein-Kreis N*u*s Neuss
84%
N**s***t a.d. Aisch-Bad Windsheim Neustadt a.d. Aisch
82%
Kelheim Neustadt a.d. Donau
82%
Saale-Orla-Kreis Neustadt a.d. Orla
82%
N**s***t an der Waldnaab Neustadt a.d. Waldnaab
82%
\ (kreisfrei) Neustadt a.d. Weinstraße
82%
N**s***t an der Waldnaab Neustadt am Kulm
82%
Hannover Neustadt am Rübenberge
82%
Coburg Neustadt (Coburg)
82%
Ostprignitz-Ruppin Neustadt (Dosse)
82%
Ludwigslust-Parchim Neustadt-Glewe
82%
Marburg-Biedenkopf Neustadt (Hessen)
82%
Ostholstein Neustadt (Holstein)
82%
Sächs. Schweiz-Osterzgebirge Neustadt (Sachsen)
82%
N*u-U*m Neu-Ulm
80%
N**b**g-Schrobenhausen Neuburg
73%
N**w**d Neuwied
71%
N***k**c**n Neunkirchen
69%
N***h**s*n Nordhausen
69%
Weimarer Land Neumark
65%
Salzlandkreis Nienburg (Saale)
63%
N***b**g/Weser Nienburg\ Weser
63%
Kassel Naumburg
59%
Burgenlandkreis Naumburg (Saale)
59%
\ (kreisfrei) Neumünster
57%
Aurich Norden
57%
N**m***t in der Oberpfalz Neumarkt i.d. Oberpfalz
55%
Mühldorf am Inn Neumarkt-Sankt Veit
55%
Mecklenb. Seenplatte Neubrandenburg
51%
N***h**m Northeim
51%
Schwalm-Eder-Kreis Neukirchen
45%
Wesel Neukirchen-Vluyn
45%
Segeberg Norderstedt
45%
Heilbronn Neckarsulm
43%
Esslingen Nürtingen
43%
Grafschaft Bentheim Nordhorn
41%
Havelland Nauen
39%
Sonneberg Neuhaus
39%
Breisgau-Hochschwarzwald Neuenburg
37%
Donau-Ries Nördlingen
37%
Viersen Nettetal
35%
Enzkreis Neuenbürg
33%
Ostprignitz-Ruppin Neuruppin
29%
Rhein-Lahn-Kreis Nassau
27%
Offenbach Neu-Isenburg
25%
Mecklenb. Seenplatte Neustrelitz
24%
Wetteraukreis Nidda
24%
Rhein-Neckar-Kreis Neckargemünd
22%
Wesermarsch Nordenham
22%
Calw Nagold
20%
Hof Naila
20%
Schwandorf Neunburg
20%
Schwandorf Nabburg
18%
Rhein-Sieg-Kreis Niederkassel
18%
Mainz-Bingen Nieder-Olm
18%
Aurich Norderney
18%
Siegen-Wittgenstein Netphen
16%
Nordfriesland Niebüll
16%
Märkischer Kreis Neuenrade
12%
Main-Kinzig-Kreis Nidderau
12%
Mainz-Bingen Nierstein
12%
Bergstraße Neckarsteinach
10%
Grafschaft Bentheim Neuenhaus
10%
Heilbronn Neuenstadt
10%
Altötting Neuötting
10%
Görlitz Niesky
10%
Meißen Nossen
10%
Burgenlandkreis Nebra
8%
Hochtaunuskreis Neu-Anspach
8%
Regensburg Neutraubling
8%
Wetteraukreis Niddatal
8%
Ostalbkreis Neresheim
6%
Hohenlohekreis Neuenstein
6%
Augsburg Neusäß
6%
Höxter Nieheim
6%
Schwandorf Nittenau
6%
Vogtlandkreis Netzschkau
4%
Rostock Neubukow
4%
Esslingen Neuffen
4%
Nordwestmecklenburg Neukloster
4%
Düren Nideggen
4%
Potsdam-Mittelmark Niemegk
4%
Rendsburg-Eckernförde Nortorf
4%
Rhein-Lahn-Kreis Nastätten
2%
Leipzig Naunhof
2%
Rhein-Neckar-Kreis Neckarbischofsheim
2%
Calw Neubulach
2%
Heilbronn Neudenau
2%
Mecklenb. Seenplatte Neukalen
2%
Schwalm-Eder-Kreis Niedenstein
2%
Main-Tauber-Kreis Niederstetten
2%
Heidenheim Niederstotzingen
2%
Eifelkreis Bitburg-Prüm Neuerburg
0%
Görlitz Neusalza-Spremberg
0%
Hohenlohekreis Niedernhall
0%
Unstrut-Hainich-Kreis Nottertal-Heilinger Höhen
0%
Keine übereinstimmenden Quizze gefunden
Verteilung der Resultate
Anzahl Personen mit jedem Resultat
Perzentil nach korrekt beantworteten Fragen
Ihre Resultats-Entwicklung
Sie haben dieses Quiz noch nicht gespielt